000 00980cam a22002054a 4500
005 20250605164006.0
008 250528s ||||||||||||||||||||||||d
035 _a15822
020 _a822317389
040 _aGR-AtMCL
_bgre
_dGR-AtMCL
_eAACR2
245 1 _aThe Spectacle of History / Speech, Text, and Memory at the Iran-Contra Hearings
260 _bDuke University Press,
_c1996
300 _a356
520 _aA unique insight into problems at the heart of society and social theory. Preface, Transcription Conventions, Introduction, The Sincere Liar, The Production of History, The Ceremonial of Truth, The Truth-Finding Engine, Stories and Master Narratives, Memory in Testimony, The Documentary Method of Interrogation, Conclusion: A Civil Lesson in the Logic of Sleaze, Methodological Appendix: Post Analytic Ethnomethodology, Notes, Index.
700 1 _aBogen David
_91826
700 1 _aLynch Michael
_91827
942 _cBK
999 _c1373
_d1373